Mortal Kombat Characters - Sudden Death - Statistics

General Stats
  • This quiz has been taken 348 times
  • The average score is 16 of 20
Answers on the Grid
Answers color-coded by a green-red scale on the quiz's grid according to % correct below.
Scorpion
Zangief
Chun-Li
Liu Kang
Tetsujin
Kitana
Dhalsim
Raiden
Hwoarang
Jade
Kintaro
Steve Fox
Shao Kahn
Reptile
Sagat
Kano
Eddy Gordo
Vega
Ganryu
Kabal
Shang Tsung
Lei Wulong
Balrog
Kung Lao
Jax
Dee Jay
Baraka
Sektor
Bryan Fury
Yoshimitsu
Johnny Cage
Cyrax
Sonya Blade
Mileena
Akuma
Cammy
Paul Phoenix
Guile
Sub-Zero
 
Answer Stats
Answer % Correct
Scorpion
96%
Liu Kang
86%
Raiden
85%
Kitana
84%
Johnny Cage
83%
Sub-Zero
81%
Shao Kahn
80%
Jade
79%
Jax
79%
Kano
79%
Kung Lao
79%
Reptile
79%
Sonya Blade
79%
Mileena
76%
Shang Tsung
74%
Baraka
71%
Kabal
71%
Cyrax
70%
Sektor
68%
Kintaro
60%
No matching quizzes found
Score Distribution
Percent of People with Each Score
Percentile by Number Answered
Your Score History
You have not taken this quiz